Decision tree models for characterizing smoking patterns of older adults

Guardado en:  
Detalles Bibliográficos
Autores principales: Moona, Sung Seek (Autor) ; Kim, Seoung Bum (Autor) ; Jitpitaklertc, Weerawat (Autor) ; Kangb, Suk-Young (Autor)
Tipo de documento: Electrónico Artículo
Lenguaje:Inglés
Publicado: 2012
En:Enthalten in: 39 (2012), 1, Seite 445-451
Acceso en línea: Volltext (lizenzpflichtig)
Verificar disponibilidad: HBZ Gateway

MARC

LEADER 00000caa a22000002c 4500
001 1912506394
003 DE-627
005 20250122054946.0
007 cr uuu---uuuuu
008 241217s2012 xx |||||o 00| ||eng c
024 7 |a 10.1016/j.eswa.2011.07.035  |2 doi 
035 |a (DE-627)1912506394 
035 |a (DE-599)KXP1912506394 
040 |a DE-627  |b ger  |c DE-627  |e rda 
041 |a eng 
084 |a 2,1  |2 ssgn 
100 1 |a Moona, Sung Seek  |e VerfasserIn  |4 aut 
245 1 0 |a Decision tree models for characterizing smoking patterns of older adults 
264 1 |c 2012 
336 |a Text  |b txt  |2 rdacontent 
337 |a Computermedien  |b c  |2 rdamedia 
338 |a Online-Ressource  |b cr  |2 rdacarrier 
700 1 |a Kim, Seoung Bum  |e VerfasserIn  |0 (DE-588)140305238  |0 (DE-627)616999674  |0 (DE-576)316349437  |4 aut 
700 1 |a Jitpitaklertc, Weerawat  |e VerfasserIn  |4 aut 
700 1 |a Kangb, Suk-Young  |e VerfasserIn  |4 aut 
773 0 8 |i Enthalten in  |g 39 (2012), 1, Seite 445-451 
773 1 8 |g volume:39  |g year:2012  |g number:1  |g pages:445-451 
787 0 8 |i Forschungsdaten  |a United States Department of Health and Human Services. Substance Abuse and Mental Health Services Administration. Office of Applied Studies  |t National Survey on Drug Use and Health, 2006  |d [Erscheinungsort nicht ermittelbar] : [Verlag nicht ermittelbar], 2007  |w (DE-627)1840048182 
856 4 0 |u https://doi.org/10.1016/j.eswa.2011.07.035  |x Resolving-System  |z lizenzpflichtig  |3 Volltext  |7 1 
935 |a mkri 
951 |a AR 
ELC |a 1 
LOK |0 000 xxxxxcx a22 zn 4500 
LOK |0 001 4637471893 
LOK |0 003 DE-627 
LOK |0 004 1912506394 
LOK |0 005 20241217044311 
LOK |0 008 241217||||||||||||||||ger||||||| 
LOK |0 035   |a (DE-2619)ICPSR99412 
LOK |0 040   |a DE-2619  |c DE-627  |d DE-2619 
LOK |0 092   |o n 
LOK |0 852   |a DE-2619 
LOK |0 852 1  |9 00 
LOK |0 935   |a uvkn  |a nacp 
LOK |0 939   |a 17-12-24  |b l01 
ORI |a SA-MARC-krimdoka001.raw